000 00610nam a2200193Ia 4500
005 20250508155846.0
008 008 250505s9999 xx 000 0 eng d
037 _aDissertations
040 _aFEDL
_beng
_cFEDL
041 _aeng
_2eng
084 _a374.02, CHO/DI
_qFEDL
100 _aChoudhary F
_9767701
245 0 _aCritical analysis of the social education syllabus and follow-up material in relation to adult interests
260 _c1955
300 _a92p.
546 _aM.Ed. Dissertation, 1955 (Nagpur University)
942 _cDIS
_h374.02, CHO/DI
999 _c1359673
_d1359673